Countries that Share a Land Border with France - Statistics

General Stats
  • This quiz has been taken 35 times
  • The average score is 10 of 12
Answer Stats
mi Answer km % Correct
390 Belgium 627
100%
387 Spain 623
100%
280 Germany 451
97%
35.2 Andorra 56.6
93%
303 Italy 488
93%
45 Luxembourg 73
90%
356 Switzerland 573
90%
418 Brazil (French Guiana) 673
87%
6.3 Netherlands (Sint Maarten) 10.2
83%
2.7 Monaco 4.4
80%
320 Suriname (French Guiana) 510
63%
0.034 Canada (Saint Pierre and Miquelon) 0.054
37%
No matching quizzes found
Score Distribution
Percent of People with Each Score
Percentile by Number Answered
Your Score History
You have not taken this quiz